| 000 | 00991nam a2200217Ii 4500 | ||
|---|---|---|---|
| 003 | JO-AjNU | ||
| 008 | 230605s9999||||xx |||||||||||||| ||und|| | ||
| 017 | _a19/2736 | ||
| 020 | _a9960-14-053-9 | ||
| 040 |
_aJO-AjNU _bara _erda _cJO-AjNU |
||
| 041 | _aara | ||
| 050 | 1 | 4 | _aP91.S4712 1999 |
| 100 | 3 |
_aميخائيل تأليف /سينجليترى م.مشارك/ستون,جيرالد م.مشارك/بن أهنية,عبد الله مترجم وآخرون, _eauthor _944501 |
|
| 245 | 0 | 0 | _aنظرية الإتصال والبحوث التطبيقية = Communication Theory & Research Applications + دليل |
| 264 | 3 | 1 | _aالرياض: معهد الادارة العامة، مركز البحوث والدراسات الادارية، 1999 |
| 300 |
_a280ص _bيشتمل على إرجاعات ببليوجرافية ص 280 |
||
| 336 |
_atext _btxt _2rdacontent |
||
| 337 |
_aunmediated _bn _2rdamedia |
||
| 338 |
_avolume _bnc _2rdacarrier |
||
| 650 | 4 |
_aالاتصال - فلسفة _944502 |
|
| 999 |
_aA19220 _c22788 _d22788 |
||